| 000 | 00573nam a22001937a 4500 | ||
|---|---|---|---|
| 005 | 20220420123619.0 | ||
| 008 | 220309b ||||| |||| 00| 0 eng d | ||
| 020 | _a9781412920544 | ||
| 040 | _cAL | ||
| 041 | _aeng | ||
| 082 |
_223 _a362.70941 _bKIRC |
||
| 100 |
_aDerek Kirton _923230 |
||
| 245 | _aChild social work policy and practice | ||
| 260 |
_aLondon _bSage _c2009 |
||
| 300 |
_a214p. _bHB _c24x16cm. |
||
| 365 |
_2General _aVBI-1346 _b₹7263.30 _c₹ _d₹9684.40 _e25% _f21/02/2022 |
||
| 650 |
_2Social services _aSocial welfare Problems _923231 |
||
| 942 |
_2ddc _cBK |
||
| 999 |
_c221795 _d221795 |
||